| 000 | 01339nac a22002771u 4500 | ||
|---|---|---|---|
| 010 | _a 2006014298 | ||
| 020 | _a0313328250 (alk. paper) | ||
| 020 | _a9780313328251 (alk. paper) | ||
| 020 | _a9780313328251 | ||
| 035 | _a(OCoLC)ocm68416673 | ||
| 035 | _a(OCoLC)68416673 | ||
| 082 | 0 | 0 |
_a297.0973 _bY926 |
| 090 |
_c2779 _d2779 |
||
| 100 | _aBa-Yunus, Ilyas. | ||
| 245 | 1 | 0 |
_aMuslims in the United States / _cIlyas Ba-Yunus and Kassim Kone. |
| 260 |
_aWestport, Conn. : _bGreenwood Press,2006 _c2006. |
||
| 300 |
_axiii, 172 p. ; _c27 cm. |
||
| 504 | _aIncludes bibliographical references and index. | ||
| 505 | 0 | _aIntroduction -- Islam as a creed and a world religion -- Estimating the Muslim American population -- The Muslim activist : organizing Islam in America -- Minarets on the skyline : the culture of the Muslim community -- The Muslim woman in America -- Guilty until proven innocent : the aftermath of 9/11 -- Major internal concerns. | |
| 650 | 0 |
_aIslam _zUnited States. |
|
| 650 | 0 |
_aMuslims _zUnited States. |
|
| 700 | 1 | _aKone, Kassim. | |
| 856 | 4 | 1 |
_3Table of contents only _uhttp://www.loc.gov/catdir/toc/ecip0613/2006014298.html |
| 942 |
_cBB _k297.0973Y926 |
||
| 999 |
_c2779 _d2779 |
||